TREATISE ON INDIAN MEDICINAL PLANTS (Record no. 12038)

MARC details
000 -LEADER
fixed length control field 00428nam a22001697a 4500
003 - CONTROL NUMBER IDENTIFIER
control field OSt
008 - FIXED-LENGTH DATA ELEMENTS--GENERAL INFORMATION
fixed length control field 230512b |||||||| |||| 00| 0 eng d
020 ## - INTERNATIONAL STANDARD BOOK NUMBER
International Standard Book Number 978817236115007
100 ## - MAIN ENTRY--PERSONAL NAME
Personal name CHATTERJEE,Asima
245 ## - TITLE STATEMENT
Title TREATISE ON INDIAN MEDICINAL PLANTS
250 ## - EDITION STATEMENT
Edition statement Reprented 2010
260 ## - PUBLICATION, DISTRIBUTION, ETC. (IMPRINT)
Place of publication, distribution, etc NEW DELHI
Name of publisher, distributor, etc NISCAIR
300 ## - PHYSICAL DESCRIPTION
Extent xvii,325
650 ## - SUBJECT ADDED ENTRY--TOPICAL TERM
Topical term or geographic name as entry element PHARMACOGNOSY
700 ## - ADDED ENTRY--PERSONAL NAME
Personal name Pakrashi,Satyesh Chandra
942 ## - ADDED ENTRY ELEMENTS (KOHA)
Source of classification or shelving scheme Dewey Decimal Classification
Koha item type Reference Books
Holdings
Withdrawn status Lost status Source of classification or shelving scheme Damaged status Not for loan Collection code Home library Current library Date acquired Source of acquisition Currency Cost, normal purchase price Serial Enumeration / chronologySerial Enumeration / Volume No. Bill Number Total Checkouts Full call number Acc. no. / Barcode Date last seen Actual Cost, discounted price Bill Date Koha item type
    Dewey Decimal Classification     B.Pharma PIET C-LIBRARY PIET C-LIBRARY 06/05/2023 Sangam Book Depot RUPEES 450.00 4 IN-00023   581.634 CHT BP2111 12/05/2023 405.00 01/05/2023 Reference Books

Design & Developed by: PIET Central Library
R70 Miles Stone Pattikalyana Samalkha Panipat 132102
mail ID :- [email protected], Phone No:- 0180-2569700 Ex.216